Kraków - linia tramwajowa nr 14 - Statystyki

Ogólne statystyki
  • Ten quiz został rozwiązany 63 razy
    3 od ostatniego zresetowania
  • Średni wynik to 15 z 32
Statystyki odpowiedzi
Hint Odpowiedź % Poprawnych
Pętla Bronowice
100%
23. Bieńczycka
67%
25. DH Wanda
67%
27. Dunikowskiego
67%
1. Głowackiego
67%
30. Miśnieńska
67%
Pętla Mistrzejowice
67%
29. Os. Złotego Wieku
67%
5. Plac Inwalidów
67%
22. Rondo Czyżyńskie
67%
26. (Pętla zastępcza) Rondo Hipokratesa
67%
24. Rondo Kocmyrzowskie im. Ks. Gorzelanego
67%
28. Rondo Piastowskie
67%
6. Batorego
33%
3. Biprostal
33%
17. (Pętla zastępcza) Dąbie
33%
15. Fabryczna
33%
21. Gałczyńskiego
33%
10. Lubicz
33%
14. Nullo
33%
16. Ofiar Dąbia
33%
19. Ogród Doświadczeń
33%
20. Rondo 308. Dywizjonu
33%
12. Rondo Grzegórzeckie
33%
11. Rondo Mogilskie
33%
8. Stary Kleparz
33%
18. TAURON Arena Kraków al. Pokoju
33%
7. Teatr Bagatela
33%
9. Teatr Słowackiego
33%
13. Teatr Variété
33%
2. UKEN
33%
4. Urzędnicza
33%
Nie znaleziono quizów pasujących do podanych kryteriów
Rozkład punktacji
Procent ludzi z każdym wynikiem
Percentyl według liczby udzielonych odpowiedzi
Twoja historia wyników
Nie rozwiązałeś tego quizu od ostatniego zresetowania